Guess the 1970s song lyrics #163 - Statistics

General Stats
  • This quiz has been taken 20 times
  • The average score is 155 of 221
Answer Stats
Answer % Correct
a
100%
do
100%
it
100%
And
93%
and
93%
he
93%
In
93%
in
93%
the
93%
they
93%
But
86%
is
86%
know
86%
on
86%
So
86%
Then
86%
When
86%
when
86%
who
86%
you
86%
You
86%
your
86%
Your
86%
again
79%
are
79%
be
79%
can
79%
For
79%
go
79%
love
79%
man
79%
no
79%
of
79%
That
79%
them
79%
time
79%
with
79%
With
79%
you're
79%
all
71%
All
71%
As
71%
at
71%
by
71%
hand
71%
isn't
71%
not
71%
one
71%
only
71%
she
71%
You'll
71%
back
64%
mornin
64%
Now
64%
us
64%
little
57%
make
57%
put
57%
she's
57%
stole
57%
Yeah
57%
done
50%
find
50%
friend
50%
honey
50%
Jack
50%
milk
50%
room
50%
round
50%
turnin
50%
water
50%
Wheel
50%
gunnin
43%
hangin
43%
hangman
43%
knees
43%
land
43%
timer
43%
tomorrow
43%
two
43%
wild
43%
able
36%
beg
36%
border
36%
catch
36%
drag
36%
end
36%
feet
36%
handle
36%
high
36%
money
36%
near
36%
sorrow
36%
street
36%
sure
36%
swear
36%
table
36%
til
36%
Vegas
36%
black
29%
brings
29%
cards
29%
climber
29%
gambling
29%
hide
29%
kick
29%
mourners
29%
must
21%
smilin
21%
fire
14%
sangin
7%
No matching quizzes found
Score Distribution
Percent of People with Each Score
Percentile by Number Answered
Your Score History
You have not taken this quiz